1862 1427 1599 1127 1517 1770 1943 1554 1767 1311 1355 1984 1378 1354 1873 1668 1850 1893 1623 1592 1300 1375 1598 1820 1888 1603 1560 1679 1673 1219 1568 1280 1982 1866 1191 1744 1819 1734 1048 1780 1683 1178 1970 1180 1891 1187 1286 1876 1640 1872 1199 1322 1736 1434 1608 1720 1598 1534 1755 1209 1114 1103 1866 1669 1722 1336 1156 1940 1714 1676 1589 1613 1293 1754 1863 1693 1361 1378 1777 1731 1587 1419 1725 1635 1732 1761 1706 1507 1522 1046 1224 1361 1537 1811 1786 1811 1610 1115 1587 BCNSPRNW ULIB Ver.6.0+V

เปลี่ยนเป็นภาษาไทย

Change to English
 แสดงรายละเอียดบรรณานุกรม
  กลับหน้าหลัก

Brief Record : Get Marc (ISO 2709) : E-mail record : QR code < ปิดหน้าต่าง
LEADER : 00000nam 2200000uu 4500
001    13399111669
003     ULIB
008    110704s2551||||th 000 0 tha d
020    9789749898178
050  4 BQ4570.S3^bส231ก 2551
100 0  สม สุจีรา
245 10 เกิดเพราะกรรมหรือความซวย /^cสม สุจีรา
250    พิมพ์ครั้งที่ 14
260    กรุงเทพฯ :^bอมรินทร์,^c2551
300    181 หน้า :^bภาพประกอบ ;^c21 ซม.
650  4 กรรม
650  4 ความชั่ว (พุทธศาสนา)
650  4 ความดี (พุทธศาสนา)
650  4 กรรม^xแง่ศาสนา^xพุทธศาสนา
650  4 ชะตาชีวิต^xแง่ศาสนา^xพุทธศาสนา
650  4 ศรัทธา (พุทธศาสนา)
650  4 พุทธศาสนากับวิทยาศาสตร์
945    ^p149^l0^i024654
945    ^p149^l0^i024655
995    ทศพร
999 ^a ใช้งานได้ทุกระบบ
รายการนี้ยังไม่มีแท็ก
คุณยังไม่ได้ล็อกอิน คุณสามารถมีกิจกรรมร่วมกับเว็บไซต์ได้ แต่ต้องล็อกอินก่อน ::
  ล็อกอิน

รายการสื่อสารสนเทศ

ลำดับที่ ประเภท เลขเรียก/บาร์โค้ด สถานที่ สถานะ
- ไม่พบข้อมูล -

รายการใกล้เคียง
    ผู้แต่ง [สม สุจีรา]

    หัวเรื่อง [กรรม]
    หัวเรื่อง [ศรัทธา (พุทธศาสนา)]
    หัวเรื่อง [พุทธศาสนากับวิทยาศาสตร์]

BibComment


ยังไม่เคยถูกคอมเมนท์

คอมเมนท์ทรัพยากรรายการนี้
  คอมเมนท์: เกิดเพราะกรรมหรือ..


 Copyright 2026. Bcnsprnw @Library